Sports Quiz

Random Sports or Basketball Quiz

Lakers Retired Numbers Quiz Stats

 Plays Quiz Updated Nov 15, 2018

     
Support Sporcle.
Go Orange.
Score 0/11 Timer 02:00
10 Plays Today
# Player % Correct
8 & 24Kobe Bryant
99.1%
32Earvin 'Magic' Johnson
95.2%
33Kareem Abdul-Jabbar
87.9%
34Shaquille O'Neal
87.6%
44Jerry West
82.9%
42James Worthy
73.8%
13Wilt Chamberlain
73.2%
22Elgin Baylor
54.6%
25Gail Goodrich
29.7%
MICFrancis Dayle 'Chick' Hearn
27.9%
52Jamaal Wilkes
26.8%

From the Vault

Movie Posters III

by SporcleAdmin

Movies 5m
It's never a good sign when the poster is more memorable than the movie.
Remove Ads.
Support Sporcle.
Get the best of Sporcle when you Go Orange. This ad-free experience offers more features, more stats, and more fun while also helping to support Sporcle. Thank you for becoming a member.

Show Comments

Extras

Top Quizzes Today


Score Distribution

Your Account Isn't Verified!

In order to create a playlist on Sporcle, you need to verify the email address you used during registration. Go to your Sporcle Settings to finish the process.

Report this User

Report this user for behavior that violates our Community Guidelines.

Details: